000 00760nam a22002057a 4500
005 20220727102756.0
008 220727b ||||| |||| 00| 0 eng d
040 _cAloy
041 _ahin
082 _223
_aH891.1
_bTYAS
100 _aNarendr Tyagi: नरेंद्र त्यागी
_953473
245 _aSipahi ki kalam se: सिपाही की कलम से
260 _aNayi Dilli
_bStory Tellers
_c2003
300 _axxi,317p.
_bHB
_c21x13cm.
365 _2Hindi
_b150.00
_c
_d150.00
650 _aHindi Poetry: हिंदी कविता
_953474
650 _aHindi Literature: हिंदी साहित्य
_953475
700 _aNarendr Tyagi: त्यागी (नरेंद्र)
_953476
942 _2ddc
_cGF
999 _c224222
_d224222